Statistics for Regions of Listenburg on a map

Click here to take the quiz!

General Stats

  • This quiz has been taken 30 times
  • The average score is 3 of 5

Answers on the Map

Answers color-coded by a green-red scale on the quiz's map according to % correct below.
 

Answer Stats

Answer% Correct
Adriàs
70%
Mitteland
60%
Flußerde
45%
Kusterde
45%
Caséière
30%

Score Distribution

Percentile by Number Answered

Percent of People with Each Score

Your Score History

You have not taken this quiz